Diagnóstico Organizacional.

Salvato in:
Dettagli Bibliografici
Autore principale: Rodríguez Mansilla, Darío (autor)
Natura: Libro
Pubblicazione: Santiago, Chile: Ediciones Universidad Católica de Chile, 2009.
Edizione:Séptima edición.
Serie:Textos Universitarios.
Soggetti:
Tags: Aggiungi Tag
Nessun Tag, puoi essere il primo ad aggiungerne!!

MARC

LEADER 00000nam a22000007a 4500
003 CL-VaPUC
005 20250407202440.0
008 250311t2009 ||||| |||| 00| 0 eng d
999 |c 447211  |d 447209 
020 |a 956-14-0280-7 
040 |c Pontificia Universidad Católica de Valparaíso 
082 7 |a 658.406 ROD 2009  |2 22 
100 |a Rodríguez Mansilla, Darío  |9 605666  |e autor 
245 |a Diagnóstico Organizacional.  
250 |a Séptima edición.  
260 |a Santiago, Chile:  |b Ediciones Universidad Católica de Chile,   |c 2009. 
300 |a 218 páginas.  
490 |a Textos Universitarios.  
500 |a c.1.-c.3. Instituto Arcos 8-1-2025. 
583 |c 20250311  |k GC 
650 0 |a Desarrollo organizacional  |9 356124 
942 |2 ddc  |c BK  |n 0 
952 |0 0  |1 0  |2 ddc  |4 0  |6 658_406000000000000_ROD_2009  |7 0  |8 A  |9 600902  |a BIBINC  |b BIBINC  |d 2025-03-11  |e Instituto Arcos   |i 5665802  |o 658.406 ROD 2009  |p 5665802  |r 2025-03-11  |t 1  |w 2025-03-11  |y BK  |k IFP 
952 |0 0  |1 0  |2 ddc  |4 0  |6 658_406000000000000_ROD_2009  |7 0  |8 A  |9 600903  |a BIBINC  |b BIBINC  |d 2025-03-11  |e Instituto Arcos   |i 5665803  |o 658.406 ROD 2009  |p 5665803  |r 2025-03-11  |t 2  |w 2025-03-11  |y BK  |k IFP 
952 |0 0  |1 0  |2 ddc  |4 0  |6 658_406000000000000_ROD_2009  |7 0  |8 A  |9 600904  |a BIBINC  |b BIBINC  |d 2025-03-11  |e Instituto Arcos   |i 5665804  |o 658.406 ROD 2009  |p 5665804  |r 2025-03-11  |t 3  |w 2025-03-11  |y BK  |k IFP